Multinational firms and Asian exports

Đã lưu trong:
书目详细资料
主要作者: Cohen, Benjamin I.
格式: 图书
语言:Undetermined
出版: New Haven Yale University Press 1975
主题:
标签: 添加标签
没有标签, 成为第一个标记此记录!
Thư viện lưu trữ: Trung tâm Học liệu Trường Đại học Cần Thơ
LEADER 00502nam a2200181Ia 4500
001 CTU_82111
008 210402s9999 xx 000 0 und d
082 |a 338.8 
082 |b C678 
100 |a Cohen, Benjamin I. 
245 0 |a Multinational firms and Asian exports 
245 0 |c Benjamin I. Cohen 
260 |a New Haven 
260 |b Yale University Press 
260 |c 1975 
650 |a Investments, foreign 
904 |i Trọng Hải 
980 |a Trung tâm Học liệu Trường Đại học Cần Thơ